000 00931nam a2200277 i 4500
003 DO-SdBNP
005 20260210095539.0
007 ta
008 260210b2011 cu ||||| |||| 00| 0 spa d
020 _a9789597091660
040 _aDO-SdBNP
_bspa
_cBNPHU
_erda
041 _aspa
082 4 _axxx
_bxxx
_222
100 _aÁlvarez Estévez, Rolando,
_eautor
_4aut.
_942163
245 1 0 _aCuba en el Caribe y el Caribe en Cuba /
_cRolando Álvarez Estévez, Marta Guzmán Pascual
264 4 _aLa Habana, Cuba :
_bFundación Fernando Ortiz,
_c©2011.
300 _a248 páginas ;
_c18 cm.
336 _atexto
_btxt
_2rdacontent
337 _asin mediación
_bn
_2rdamedia
338 _avolumen
_bnc
_2rdacarrier
500 _aIncluye referencias bibliográficas y notas al pie de las páginas
590 _aInventariado, 2026/BT
700 _aGuzmán Pascual, Marta,
_eautor
_4aut.
_988983
910 _aBtavárez
942 _2ddc
_cLBS1
999 _c60282
_d60282